000 00292nam a2200109Ia 4500
008 200302s9999 xx 000 0 und d
100 _aRobin Langley & Other
245 _aAmerican Architecture Colonial Styles to the Present Day
260 _bSaraband Inc.
260 _c1998
300 _a144 P.,
999 _c1836
_d1836